000
00300 a2200145 4500
001
61025
020
_a
040
_c
Anchieta - Pituba
240
1
0
_a
Álvares de Azevedo
_l
por
245
1
0
_a
Álvares de Azevedo
300
_a
112
362
0
_a
1982
650
4
_a
Literatura brasileira
942
_c
BK
999
_c
61025
_d
61025